000 03245nam0a2200505 4500
001 RU\NLR\BIBL_A\011945021
005 20250809113137.0
020 _aRU
_9Ленинград в Великой Отечественной войне. Коллекция. Афиши
035 _a(NLR Aleph) 011945021
090 _a65419
_c65419
100 _a20190222d1944 u y0rusy50 ca
101 0 _arus
102 _aRU
105 _ay z 000zy
135 _acrcn 024anaba
200 1 _aИюль 1944 г. 8 Суббота. Государственный хор русской песни. Художественный руководитель засл. арт. РСФСР А.В. Свешников
_e[афиша]
_fУправление по делам искусств Исполкома Ленгорсовета, Театральный зал Малого оперного театра
210 _a[Ленинград]
_cЛТ УН-9
_d1944
215 _a1 л.
_d50х66
300 _aНачало в 19 часов. Билеты продаются в кассе Малого оперного театра. Касса открыта с 12 ч. до 20 часов. Дети до 16 лет на вечерние спектакли не допускаются. Вход в зрительный зал после 3-го звонка воспрещен. Верхнее платье снимать обязательно
300 _aЗак. 1663
325 _aКопия доступна в Электрон. б-ке РНБ
327 _aВ программе: Русские песни
606 1 _aТеатральная жизнь
_yЛенинград, город
_z1941 - 1944
_jАфиши
_2nlr_sh2
_3RU\NLR\AUTH\6601649837
686 _aЩ333(2Р=Рус)7- 692Ленинград
702 1 _aСвешников
_bА. В.
_cхоровой дирижер
_f1890-1980
_gАлександр Васильевич
_3RU\NLR\AUTH\770172781
_4250
710 0 2 _aРусский хор им. А.В. Свешникова
_cМосква
_3RU\NLR\AUTH\8810027103
712 0 2 _aЛенинградское городское управление по делам искусств
_3RU\NLR\AUTH\889975365
_4570
712 0 2 _aЛенинградский малый театр оперы и балета
_3RU\NLR\AUTH\889923401
_4570
852 _aNLR
_jЛ3-330а/13/3/1944-июль(1)
856 0 _uhttp://vivaldi.nlr.ru/la700000181/view
856 1 _uhttp://vivaldi.nlr.ru/la700000181/cover
856 2 _uhttp://vivaldi.nlr.ru/la700000181/text
942 _cVISUAL
945 _aРоссийская национальная библиотека
980 _aNB
980 _aBV
980 3 _akplen
980 3 _akp
981 3 7 _a(37) Ленинград в Великой Отечественной войне
_b(37) Афиши блокадного Ленинграда